Southville International School and Colleges
Your cart is empty.
  • Cart
  • Lists
    Public lists Eva Luna New books Lux_list list_1
    Your lists Log in to create your own lists
  • Log in to your account
  • Your cookies
  • Search history
Southville International School and Colleges
  • Advanced search
  • Recent comments
  • Most popular
  • Libraries

Log in to your account

Log in with GOOGLE


If you do not have an external account, but do have a local account, you can still log in:

  1. Home
  2. MARC view: Märchen-Sammlung
Normal view MARC view ISBD view

Märchen-Sammlung (Record no. 253042)

[ view plain ]
MARC details
000 -LEADER
fixed length control field 01139cam a22002893a 4500
001 - CONTROL NUMBER
control field 23787
003 - CONTROL NUMBER IDENTIFIER
control field PGUSA
005 - DATE AND TIME OF LATEST TRANSACTION
control field 20140828083516.0
008 - FIXED-LENGTH DATA ELEMENTS--GENERAL INFORMATION
fixed length control field 071209s2007||||xxu|||||s|||||000 | eng d
040 ## - CATALOGING SOURCE
Original cataloging agency PGUSA
Language of cataloging eng
042 ## - AUTHENTICATION CODE
Authentication code dc
050 #4 - LIBRARY OF CONGRESS CALL NUMBER
Classification number PZ
050 #4 - LIBRARY OF CONGRESS CALL NUMBER
Classification number GR
050 #4 - LIBRARY OF CONGRESS CALL NUMBER
Classification number PT
245 10 - TITLE STATEMENT
Title Märchen-Sammlung
Medium [electronic resource]
260 ## - PUBLICATION, DISTRIBUTION, ETC. (IMPRINT)
Name of publisher, distributor, etc Project Gutenberg,
Date of publication, distribution, etc 2007
505 0# - FORMATTED CONTENTS NOTE
Formatted contents note Der Wolf und die sieben Geißlein -- Der Schmied von Jüterbog -- Der Hase und der Fuchs -- Der beherzte Flötenspieler -- Der Wettlauf zwischen dem Hasen und dem Igel -- Das Kätzchen und die Stricknadeln -- Der goldene Rehbock -- Die drei Federn -- Der kleine Däumling -- Das Natterkrönlein -- Der fette Lollus und der magere Lollus -- Gevatterin Kröte -- Zwergenmützchen -- Die Kornähren
506 ## - RESTRICTIONS ON ACCESS NOTE
Terms governing access Public domain in the USA.
516 ## - TYPE OF COMPUTER FILE OR DATA NOTE
Type of computer file or data note Electronic text
653 ## - INDEX TERM--UNCONTROLLED
Uncontrolled term Fairy tales -- Germany
700 1# - ADDED ENTRY--PERSONAL NAME
Personal name Fahringer, Karl
700 1# - ADDED ENTRY--PERSONAL NAME
Personal name Bechstein, Ludwig,
Dates associated with a name 1801-1860
700 1# - ADDED ENTRY--PERSONAL NAME
Personal name Fraungruber, Hans,
Dates associated with a name 1863-1933
830 #0 - SERIES ADDED ENTRY--UNIFORM TITLE
Uniform title Project Gutenberg
Volume number/sequential designation 23787
856 40 - ELECTRONIC LOCATION AND ACCESS
Uniform Resource Identifier <a href="http://www.gutenberg.org/ebooks/23787">http://www.gutenberg.org/ebooks/23787</a>
942 ## - ADDED ENTRY ELEMENTS (KOHA)
Koha item type eBooks
Holdings
Withdrawn status Lost status Damaged status Home library Current library Date acquired Total Checkouts Date last seen Price effective from Koha item type
      Project Gutenberg Project Gutenberg 08/28/2014   08/28/2014 08/28/2014 eBooks

Märchen-Sammlung

APA

Fahringer K., Bechstein L. & Fraungruber H. (2007). Märchen-Sammlung. : Project Gutenberg.

Chicago

Fahringer Karl, Bechstein Ludwig and Fraungruber Hans. 2007. Märchen-Sammlung. : Project Gutenberg.

Harvard

Fahringer K., Bechstein L. and Fraungruber H. (2007). Märchen-Sammlung. : Project Gutenberg.

MLA

Fahringer Karl, Bechstein Ludwig and Fraungruber Hans. Märchen-Sammlung. : Project Gutenberg. 2007.

  • Place hold
  • Print
  • Cite
  • Add to your cart (remove)
  • Save record
    BIBTEX Dublin Core MARCXML MARC (non-Unicode/MARC-8) MARC (Unicode/UTF-8) MARC (Unicode/UTF-8, Standard) MODS (XML) RIS
  • More searches
    Search for this title in:
    Other Libraries (WorldCat) Other Databases (Google Scholar) Online Stores (Bookfinder.com) Open Library (openlibrary.org)

Exporting to Dublin Core...

SOUTHVILLE LIBRARY

Southville International School and Colleges Library

1281 Tropical Ave. Cor. Luxembourg St., BF Homes International, Las Pinas City

Tel. No. 8256374 / 252358 Loc. 117/146

Powered by Koha